Windows NT : inside and out
Αποθηκεύτηκε σε:
| Κύριος συγγραφέας: | |
|---|---|
| Μορφή: | Βιβλίο |
| Γλώσσα: | English |
| Δημοσίευση: |
Berkeley, New York :
McGraw-Hill,
c1993
|
| Θέματα: | |
| Ετικέτες: |
Προσθήκη ετικέτας
Δεν υπάρχουν, Καταχωρήστε ετικέτα πρώτοι!
|
MARC
| LEADER | 00000nam a2200000 i 4500 | ||
|---|---|---|---|
| 001 | 1/22421 | ||
| 008 | 960710s1993 eng d | ||
| 020 | |a 0-07-881826-5 | ||
| 035 | |l 10021897 | ||
| 040 | |a GR-MY-UA |b gre |e aacr | ||
| 041 | 0 | |a eng | |
| 082 | 0 | |a 005.4469 | |
| 100 | 1 | |a Sheldon, Thomas. | |
| 245 | 1 | 0 | |a Windows NT : |b inside and out / |c Tom Sheldon |
| 260 | |a Berkeley, New York : |b McGraw-Hill, |c c1993 | ||
| 300 | |a 530 p. | ||
| 500 | |a Includes index | ||
| 650 | 0 | 0 | |a Operating systems (Computers) |
| 852 | |a INST |b CHIOS |e 19960710 |h 005.4469 SHE |p 005200003827 |q 005200003827 |t BK |y 0 | ||
| 909 | |a Χ |b 037298 | ||